000 00645nam a2200193 i 4500
001 80081
003 ES-MaACL
005 20251114103302.0
007 t|
008 041026s1972 xxu ||||1| spa d
100 0 _aHiriart, Rosario,
_d1936-
_963800
245 1 4 _aLas alusiones literarias en la obra narrativa de Francisco Ayala /
_cRosario H. Hiriart.
260 _aNew York :
_bEliseo Torres & Sons,
_c[1972]
300 _a330 p. ;
_c21 cm.
490 1 _aTorres library of literary studies ;
_v16
830 0 _aTorres Library of Literary Studies
_v16
_9182740
852 _aES-MaACL
_jC-49363
_bR.84166
999 _c80081
_d80081